| 000 | 00552nam a22001697a 4500 | ||
|---|---|---|---|
| 999 |
_c61466 _d61466 |
||
| 005 | 20240318144718.0 | ||
| 008 | 240318s1906 ru ||||| |||| 00| 0 rus d | ||
| 041 | _arus | ||
| 080 | _a294 Г-20 | ||
| 100 |
_aГарди Э. _921445 |
||
| 245 |
_aБудда / _cЭ. Гарди. |
||
| 264 |
_aСПБ, _c1906. |
||
| 300 |
_a 94 с.: _b20 см. |
||
| 440 |
_aБрокгауз-Ефрон: Библиотека самообразования _921446 |
||
| 653 | _aთვითგანათლების ბიბლიოთეკა | ||
| 942 |
_2udc _cBK |
||